Bimlov's General Knowledge #4 - Statistics

General Stats
  • This quiz has been taken 24 times
  • The average score is 10 of 20
Answer Stats
Hint Answer % Correct
What is the northernmost capital city? Reykjavík
84%
Debbie Harry is the lead singer of what American rock band? Blondie
74%
What fashion designer was murdered outside his Miami Beach mansion in 1997? Gianni Versace
74%
What well known dog breed is German for 'Badger Dog'? Dachshund
68%
What fruit has a very strong smell that could be described as a combination of sulfur, sewage, fruit, honey, and roasted and rotting onions? Durian
68%
Monrovia is the capital of what African nation? Liberia
68%
The original full name of this franchise is Pocket Monsters which has been commonly abbreviated to what? Pokémon
63%
What wine incorporates some of the color from the grape skins, but not enough to qualify it as a red? Rosé
63%
What multi-venue benefit concert was organized to raise funds for relief of the 1983–1985 famine in Ethiopia? Live Aid
58%
What is the complementary color to yellow? Purple
58%
What began its construction in under the Emperor Vespasian in 72 A.D and was completed under his successor Titus in 80 A.D? The Colosseum
53%
The amino acid asparagine was isolated from what plant? Asparagus
47%
A traditional leg of darts starts with each player on how many points? 501
42%
What dessert was supposedly coined to honor the acquisition of Alaska by the United States of America from the Russian Empire in March 1867? Baked Alaska
42%
What was the first non-English-language film to win the Academy Award for Best Picture? Parasite
37%
Homer's Iliad depicts the the last year of what legendary conflict? Trojan War
37%
Rolling Stone magazine was first released in 1967 and who was on the cover? John Lennon
26%
What bird has the largest egg compared to its body size? North Island Brown Kiwi
21%
Name one of the two most common domesticated insects? Silkworms & Honey Bees
21%
The only liquid elements at standard temperature and pressure are mercury and what other? Bromine
16%
No matching quizzes found
Score Distribution
Percent of People with Each Score
Percentile by Number Answered
Your Score History
You have not taken this quiz